Statistics for Ancient Egypt Rulers

Click here to take the quiz!

General Stats

  • This quiz has been taken 184 times
    (175 since last reset)
  • The average score is 56 of 180

Answer Stats

Ancient Egypt Rulers% Correct
Cleopatra I
92%
Cleopatra II
92%
Tutankhamun
88%
Ptolemy III Euergetes I
76%
Ptolemy II Philadelphos
76%
Ptolemy I Soter I
76%
Ptolemy IV Philopator
76%
Ptolemy IX Soter II
76%
Ptolemy V Epiphanes
76%
Ptolemy VIII Euergetes II
76%
Ptolemy VII Neos Philopator
76%
Ptolemy VI Philometor
76%
Ramesses I
72%
Ramesses II
72%
Ramesses III
72%
Ramesses IV
72%
Ramesses IX
72%
Ramesses V
72%
Ramesses VI
72%
Ramesses VII
72%
Ramesses VIII
72%
Ramesses X
72%
Ramesses XI
72%
Akhenaten
48%
Khufu
48%
Alexander IV
40%
Alexander the Great
40%
Amenhotep I
40%
Amenhotep II
40%
Amenhotep III
40%
Amenhotep IV
40%
Hatshepsut
40%
Seti I
40%
Seti II
40%
Arsinoe II
36%
Djoser
36%
Thutmose I
36%
Thutmose II
36%
Thutmose III
36%
Thutmose IV
36%
Pepi I
32%
Pepi II
32%
Ahmose
28%
Artaxerxes I
28%
Artaxerxes III Ochus
28%
Khafre
28%
Menkaure
28%
Merenre I
28%
Merenre II
28%
Xerxes I
28%
Achoris
24%
Amasis
24%
Amenemhat I
24%
Amenemhat II
24%
Amenemhat III
24%
Amenemhat IV
24%
Amenemope
24%
Amyrtaios I
24%
Amyrtaios II
24%
Arses
24%
Aya
24%
Berenike II
24%
Cambyses
24%
Darius I
24%
Darius II
24%
Darius III Codoman
24%
Haremhab
24%
HP Painedjem I
24%
HP Painedjem II
24%
HP Psusennes
24%
HP Smendes
24%
Huni
24%
Intef I
24%
Intef II
24%
Intef III
24%
Iuput I
24%
Iuput II
24%
Khaba
24%
Khabebesh
24%
Mentuhotep I
24%
Mentuhotep II
24%
Mentuhotep III
24%
Mentuhotep IV
24%
Namlot
24%
Nebka II
24%
Necho I
24%
Necho II
24%
Nectanebo I
24%
Nectanebo II
24%
Netjerkare Siptah
24%
Nikauba
24%
Osorkon I
24%
Osorkon II
24%
Osorkon III
24%
Osorkon IV
24%
Pami
24%
Philip Arrhidaeus
24%
Psamtik I
24%
Psamtik II
24%
Psamtik III
24%
Psamtik IV
24%
Psamtik V
24%
Psamtik VI
24%
Psusennes I
24%
Psusennes II
24%
Qakare Intef
24%
Rudamun
24%
Sahure
24%
Sekhemkhet
24%
Senwosret I
24%
Senwosret II
24%
Senwosret III
24%
Sheshonq I
24%
Sheshonq II
24%
Sheshonq III
24%
Sheshonq IV
24%
Sheshonq V
24%
Siamun
24%
Siptah
24%
Smendes
24%
Snefru
24%
Takelot I
24%
Takelot II
24%
Takelot III
24%
Tao I
24%
Tao II
24%
Tawosret
24%
Teos
24%
Teti
24%
Amenemnisu
20%
Amenmesse
20%
Ankhwennefer
20%
Apries
20%
Bakenrenef
20%
Djedefre
20%
Harsiese
20%
Harwennefer
20%
HP Djedkhonsefankh
20%
HP Herihor
20%
HP Masaharta
20%
HP Menkheperre
20%
HP Paiankh
20%
Inaros
20%
Isesi
20%
Kamose
20%
Menekhkare
20%
Menkauhor
20%
Merneptah
20%
Neferefre
20%
Neferirkare
20%
Neferneferuaton
20%
Nefrusobek
20%
Nepherites I
20%
Nepherites II
20%
Niuserre
20%
Osochor
20%
Pausiris
20%
Pedubaste I
20%
Pedubaste III
20%
Peftjaubast
20%
Persians
20%
Piye
20%
Psammuthis
20%
Sekhentibre
20%
Sethnakht
20%
Shabaqo
20%
Shebitqo
20%
Shepseskaf
20%
Shepseskare
20%
Smenkhkare
20%
Taharqo
20%
Tanutamani
20%
Tefnakht
20%
Thamphthis
20%
Thannyros
20%
Thutemhat
20%
Unis
20%
Userkaf
20%
Userkare
20%
Zanakht
20%

Score Distribution

Percentile by Number Answered

Percent of People with Each Score

Your Score History

You have not taken this quiz since the last reset